|
|
|
|
| LEADER |
00000nam0a2200000 4500 |
| 001 |
114917 |
| 005 |
20231101215226.0 |
| 035 |
|
|
|a (RuTPU)RU\TPU\book\124276
|
| 090 |
|
|
|a 114917
|
| 100 |
|
|
|a 20070428d1957 km y0rusy50 ca
|
| 101 |
0 |
|
|a rus
|
| 102 |
|
|
|a RU
|
| 105 |
|
|
|a a z 001zy
|
| 200 |
1 |
|
|a Гидрологические расчеты при проектировании малых и средних гидроэлектростанций
|f В. Г. Андреянов
|g под ред. Д. Л. Соколовского
|
| 210 |
|
|
|a Ленинград
|c Гидрометеоиздат
|d 1957
|
| 215 |
|
|
|a 524 с.
|c ил.
|
| 320 |
|
|
|a Библиогр.: с. 414.
|
| 606 |
|
|
|a Гидроэлектрические станции
|x Проектирование
|2 stltpush
|3 (RuTPU)RU\TPU\subj\7138
|9 34858
|
| 606 |
|
|
|a Гидроэлектрические станции
|x Гидравлический расчет
|2 stltpush
|3 (RuTPU)RU\TPU\subj\7119
|9 34844
|
| 610 |
1 |
|
|a гидроэлектростанции
|
| 610 |
1 |
|
|a проектирование
|
| 610 |
1 |
|
|a гидрологические расчеты
|
| 610 |
1 |
|
|a гидравлика
|
| 610 |
1 |
|
|a стоки
|
| 610 |
1 |
|
|a водохранилища
|
| 675 |
|
|
|a 621.311.21.001.6
|v 3
|
| 675 |
|
|
|a 621.311.21.001.24
|v 3
|
| 700 |
|
1 |
|a Андреянов
|b В. Г.
|g Владимир Георгиевич
|
| 702 |
|
1 |
|a Соколовский
|b Д. Л.
|4 340
|
| 801 |
|
1 |
|a RU
|b 63413507
|c 20070428
|g PSBO
|
| 801 |
|
2 |
|a RU
|b 63413507
|c 20171011
|g PSBO
|
| 942 |
|
|
|c BK
|